[Event "34 Open Vila de Sitges 2008"]
[Site "Sitges ESP"]
[Date "2008.07.22"]
[Round "1.1"]
[White "Nadal Garcia, Lluis"]
[Black "Erdos, Viktor"]
[Result "0-1"]
[WhiteElo "2048"]
[BlackElo "2576"]
[PlyCount "64"]
[EventDate "2008.07.22"]
[EventType "swiss"]
[EventRounds "9"]
[EventCountry "ESP"]
[SourceTitle "Ajedrez en Madrid"]
[Source "lmi"]
[SourceDate "2008.07.23"]

1. e4 e6 2. d4 d5 3. exd5 exd5 4. Bd3 Nc6 5. c3 Bd6 6. Nf3 h6 7. O-O Qf6 8.
Re1+ Nge7 9. b4 Bg4 10. Nbd2 O-O 11. b5 Nd8 12. h3 Bh5 13. g4 Bg6 14. Nf1 Ne6
15. Ng3 Rad8 16. Kg2 c5 17. bxc6 bxc6 18. Ne5 c5 19. g5 Nxg5 20. Ng4 Qf3+ 21.
Qxf3 Nxf3 22. Kxf3 Bxd3 23. Ba3 Be4+ 24. Nxe4 dxe4+ 25. Kg2 cxd4 26. Bxd6 Rxd6
27. Rxe4 Nc6 28. cxd4 f5 29. Nxh6+ Rxh6 30. Rf4 Rd6 31. Rc1 Nxd4 32. Rc7 Ne6
0-1

[Event "34 Open Vila de Sitges 2008"]
[Site "Sitges ESP"]
[Date "2008.07.22"]
[Round "1.2"]
[White "Moskalenko, Viktor"]
[Black "Sarto Ramos, Angel"]
[Result "1-0"]
[WhiteElo "2569"]
[BlackElo "2044"]
[PlyCount "70"]
[EventDate "2008.07.22"]
[EventType "swiss"]
[EventRounds "9"]
[EventCountry "ESP"]
[SourceTitle "Ajedrez en Madrid"]
[Source "lmi"]
[SourceDate "2008.07.23"]

1. d4 g6 2. e4 c6 3. Nc3 d5 4. Bf4 Bg7 5. exd5 cxd5 6. Nb5 Na6 7. Qe2 Kf8 8. c3
Nf6 9. h3 h5 10. Qe3 Bf5 11. Nf3 Ne8 12. Nh4 Bd7 13. a4 Nac7 14. Nxc7 Nxc7 15.
Bd3 Ne6 16. Be5 Kg8 17. O-O Bxe5 18. Qxe5 Qc7 19. Rfe1 Qxe5 20. Rxe5 Rd8 21.
Bb5 Bc6 22. Nxg6 fxg6 23. Rxe6 Kf7 24. Rae1 Rhe8 25. Bd3 Bd7 26. Bxg6+ Kg7 27.
Bxe8 Bxe6 28. Bxh5 Kf6 29. g4 Bd7 30. Re5 e6 31. g5+ Ke7 32. Bg4 Kd6 33. h4 Re8
34. a5 b5 35. Kg2 Rg8 1-0

[Event "34 Open Vila de Sitges 2008"]
[Site "Sitges ESP"]
[Date "2008.07.22"]
[Round "1.3"]
[White "Gallego Bergada, Antoni"]
[Black "Movsziszian, Karen"]
[Result "0-1"]
[WhiteElo "2043"]
[BlackElo "2560"]
[PlyCount "62"]
[EventDate "2008.07.22"]
[EventType "swiss"]
[EventRounds "9"]
[EventCountry "ESP"]
[SourceTitle "Ajedrez en Madrid"]
[Source "lmi"]
[SourceDate "2008.07.23"]

1. e4 g6 2. d4 Bg7 3. Nf3 d6 4. Bc4 Nf6 5. Nc3 c6 6. a3 d5 7. exd5 cxd5 8. Bb5+
Bd7 9. Bxd7+ Nbxd7 10. O-O O-O 11. Re1 e6 12. Bf4 Rc8 13. Qd2 Nb6 14. Ne5 Nc4
15. Nxc4 Rxc4 16. Be5 Qb6 17. b3 Rc6 18. Na4 Qd8 19. f3 Nd7 20. Bxg7 Kxg7 21.
Kh1 Qc7 22. Rac1 Rc8 23. Re2 b5 24. Nb2 Rc3 25. Nd3 a5 26. Nc5 b4 27. axb4 axb4
28. Nd3 Qb6 29. Nb2 Qc6 30. Nd3 Qb5 31. Rf2 Qxd3 0-1

[Event "34 Open Vila de Sitges 2008"]
[Site "Sitges ESP"]
[Date "2008.07.22"]
[Round "1.4"]
[White "Jankovic, Alojzije"]
[Black "Aalbersberg Kroon, Pedro"]
[Result "1-0"]
[WhiteElo "2532"]
[BlackElo "2042"]
[PlyCount "47"]
[EventDate "2008.07.22"]
[EventType "swiss"]
[EventRounds "9"]
[EventCountry "ESP"]
[SourceTitle "Ajedrez en Madrid"]
[Source "lmi"]
[SourceDate "2008.07.23"]

1. d4 Nf6 2. Nf3 d5 3. c4 dxc4 4. e3 Bg4 5. Bxc4 e6 6. Nc3 Bd6 7. h3 Bh5 8. e4
Nfd7 9. Be3 O-O 10. g4 Bg6 11. h4 Bb4 12. Ng5 Nf6 13. f3 h5 14. gxh5 Bxh5 15.
Qc2 c5 16. e5 Bg6 17. Bd3 Nd5 18. Bxg6 Nxe3 19. Bxf7+ Rxf7 20. Qh7+ Kf8 21.
Nxe6+ Ke7 22. Nxd8 Kxd8 23. Qg8+ Ke7 24. d5 1-0

[Event "34 Open Vila de Sitges 2008"]
[Site "Sitges ESP"]
[Date "2008.07.22"]
[Round "1.5"]
[White "Mombiela De Sus, Jose Luis"]
[Black "Grigore, George-gabriel"]
[Result "0-1"]
[WhiteElo "2041"]
[BlackElo "2517"]
[PlyCount "57"]
[EventDate "2008.07.22"]
[EventType "swiss"]
[EventRounds "9"]
[EventCountry "ESP"]
[SourceTitle "Ajedrez en Madrid"]
[Source "lmi"]
[SourceDate "2008.07.23"]

1. f4 g6 2. Nf3 d5 3. d4 Bg7 4. e3 Nh6 5. Be2 c5 6. c3 Nd7 7. O-O O-O 8. Ne5
Qc7 9. Nxd7 Bxd7 10. Nd2 Rad8 11. Nf3 b6 12. Bd2 Bc6 13. b4 a5 14. bxc5 bxc5
15. Qb3 Rb8 16. Qa3 Bb5 17. c4 Bxc4 18. Bxc4 dxc4 19. Qxa5 Qxa5 20. Bxa5 Nf5
21. Rac1 Nxe3 22. Rfe1 cxd4 23. Bd2 Rfc8 24. Bxe3 dxe3 25. Ne5 Bxe5 26. fxe5
Rb2 27. Rxe3 Rxa2 28. Rec3 Re2 29. Ra1 0-1

[Event "34 Open Vila de Sitges 2008"]
[Site "Sitges ESP"]
[Date "2008.07.22"]
[Round "1.6"]
[White "Czakon, Jakub"]
[Black "Fernandez Egea, Andreu"]
[Result "1-0"]
[WhiteElo "2510"]
[BlackElo "2040"]
[PlyCount "58"]
[EventDate "2008.07.22"]
[EventType "swiss"]
[EventRounds "9"]
[EventCountry "ESP"]
[SourceTitle "Ajedrez en Madrid"]
[Source "lmi"]
[SourceDate "2008.07.23"]

1. d4 Nf6 2. c4 g6 3. Nc3 Bg7 4. e4 d6 5. Nf3 O-O 6. h3 c5 7. d5 Bd7 8. Bd3 Na6
9. O-O Nb4 10. Bb1 Rb8 11. Qe2 e5 12. Ne1 Nh5 13. a3 Na6 14. Nd3 Nc7 15. g4 Nf6
16. f4 b5 17. fxe5 Nfe8 18. b3 bxc4 19. bxc4 Rb3 20. Bd2 h5 21. Bc2 Rxc3 22.
Bxc3 hxg4 23. hxg4 Qh4 24. Rae1 Bxg4 25. Qh2 Qg5 26. Bd2 Qe7 27. Bf4 dxe5 28.
Nxe5 f5 29. Nxg6 Bd4+ 1-0

[Event "34 Open Vila de Sitges 2008"]
[Site "Sitges ESP"]
[Date "2008.07.22"]
[Round "1.8"]
[White "Cruz, Cristhian"]
[Black "Roche Peris, Eduard"]
[Result "1-0"]
[WhiteElo "2508"]
[BlackElo "2031"]
[PlyCount "113"]
[EventDate "2008.07.22"]
[EventType "swiss"]
[EventRounds "9"]
[EventCountry "ESP"]
[SourceTitle "Ajedrez en Madrid"]
[Source "lmi"]
[SourceDate "2008.07.23"]

1. d4 Nf6 2. c4 e6 3. Nc3 d5 4. Bg5 Be7 5. cxd5 Nxd5 6. Bxe7 Qxe7 7. Nf3 O-O 8.
e3 Nxc3 9. bxc3 c5 10. Bd3 b6 11. Qb1 h6 12. Bh7+ Kh8 13. Be4 Bb7 14. Bxb7 Qxb7
15. dxc5 Qc6 16. cxb6 Qxc3+ 17. Ke2 Qc4+ 18. Qd3 Qxd3+ 19. Kxd3 Rd8+ 20. Ke2
axb6 21. Ne5 Kg8 22. Rhd1 Rxd1 23. Rxd1 Rxa2+ 24. Kf3 Na6 25. Rd8+ Kh7 26. Nxf7
b5 27. Rh8+ Kg6 28. Ne5+ Kf5 29. Nd3 b4 30. Rf8+ Kg6 31. Rc8 b3 32. Rc3 b2 33.
Rb3 Ra3 34. Nf4+ Kf6 35. Rxb2 Ra5 36. Rb6 Nc7 37. Rc6 Ra7 38. g4 Ke7 39. h4 Kd7
40. Rb6 Ra6 41. Rxa6 Nxa6 42. Nh5 g5 43. Nf6+ Ke7 44. hxg5 hxg5 45. Ne4 Nc7 46.
Nxg5 Nd5 47. Nh3 Nf6 48. g5 Ne8 49. Kf4 Ng7 50. Ke5 Ne8 51. Nf4 Ng7 52. e4 Kf7
53. g6+ Ke7 54. f3 Kd7 55. Kf6 Ne8+ 56. Kf7 Nd6+ 57. Kf8 1-0

[Event "34 Open Vila de Sitges 2008"]
[Site "Sitges ESP"]
[Date "2008.07.22"]
[Round "1.10"]
[White "Muã<->oz Pantoja, Miguel"]
[Black "Valarezzo Ricard, Pedro"]
[Result "1/2-1/2"]
[WhiteElo "2499"]
[BlackElo "2017"]
[PlyCount "129"]
[EventDate "2008.07.22"]
[EventType "swiss"]
[EventRounds "9"]
[EventCountry "ESP"]
[SourceTitle "Ajedrez en Madrid"]
[Source "lmi"]
[SourceDate "2008.07.23"]

1. e4 d5 2. exd5 Qxd5 3. Nf3 Bg4 4. Be2 c6 5. O-O Nf6 6. h3 Bh5 7. d4 e6 8. c4
Qa5 9. Nc3 Nbd7 10. Bf4 Bxf3 11. Bxf3 Qf5 12. Bg3 Nb6 13. d5 Rd8 14. Qe2 cxd5
15. cxd5 Nbxd5 16. Qb5+ Rd7 17. Nxd5 Nxd5 18. Rac1 Nb6 19. Be2 Kd8 20. Qxf5
exf5 21. Bb5 Rd5 22. Rfd1 Rxd1+ 23. Rxd1+ Ke7 24. Re1+ Kf6 25. Re8 a6 26. Bc7
Nd5 27. Be5+ Kg5 28. Bc4 Nf6 29. Rb8 Nd7 30. f4+ Kh6 31. Rxb7 Nxe5 32. fxe5
Bc5+ 33. Kf1 Re8 34. b4 Be3 35. Bxa6 Rxe5 36. Be2 f6 37. a4 Re4 38. a5 Bd2 39.
a6 Be3 40. Bf3 Rc4 41. Ke2 Bg1 42. Kd3 Rc1 43. b5 Ra1 44. Kc4 g5 45. Be2 g4 46.
hxg4 fxg4 47. Bxg4 Ra4+ 48. Kb3 Rxg4 49. a7 Bxa7 50. Rxa7 Rxg2 51. b6 Rg8 52.
Kc4 f5 53. Kd5 Rb8 54. Kc6 f4 55. Rf7 Kg5 56. Kc7 Ra8 57. b7 Rh8 58. b8=Q Rxb8
59. Kxb8 Kg4 60. Rg7+ Kf5 61. Kc7 f3 62. Kd6 Kf4 63. Kd5 f2 64. Kd4 Kf3 65.
Rf7+ 1/2-1/2

[Event "34 Open Vila de Sitges 2008"]
[Site "Sitges ESP"]
[Date "2008.07.22"]
[Round "1.11"]
[White "Goettin, Gerhard"]
[Black "Cuartas, Jaime Alexander"]
[Result "0-1"]
[WhiteElo "2017"]
[BlackElo "2495"]
[PlyCount "62"]
[EventDate "2008.07.22"]
[EventType "swiss"]
[EventRounds "9"]
[EventCountry "ESP"]
[SourceTitle "Ajedrez en Madrid"]
[Source "lmi"]
[SourceDate "2008.07.23"]

1. e4 c5 2. Nf3 Nc6 3. d4 cxd4 4. Nxd4 Qb6 5. Nb3 Nf6 6. Nc3 e6 7. Be3 Qc7 8.
f3 Bb4 9. a3 Bxc3+ 10. bxc3 d5 11. exd5 Nxd5 12. Bd2 O-O 13. Bd3 Ne5 14. Qe2
Nxc3 15. Qe3 Nd5 16. Qe4 Nxd3+ 17. cxd3 Bd7 18. Rc1 Qb6 19. Nc5 Bc6 20. Qg4 Qb2
21. h4 Kh8 22. h5 h6 23. d4 Rad8 24. Rh4 Qxa3 25. Qh3 Bb5 26. g4 b6 27. g5 bxc5
28. gxh6 gxh6 29. Re4 Rg8 30. Kf2 Qb2 31. Rd1 Nc3 0-1

[Event "34 Open Vila de Sitges 2008"]
[Site "Sitges ESP"]
[Date "2008.07.22"]
[Round "1.12"]
[White "Pakleza, Zbigniew"]
[Black "Yastrebova, Tatiana"]
[Result "1-0"]
[WhiteElo "2495"]
[BlackElo "2016"]
[PlyCount "55"]
[EventDate "2008.07.22"]
[EventType "swiss"]
[EventRounds "9"]
[EventCountry "ESP"]
[SourceTitle "Ajedrez en Madrid"]
[Source "lmi"]
[SourceDate "2008.07.23"]

1. Nf3 Nf6 2. c4 e6 3. b3 d5 4. Bb2 Be7 5. e3 O-O 6. Be2 Nbd7 7. O-O c6 8. Qc2
dxc4 9. bxc4 Qc7 10. d4 c5 11. Nc3 cxd4 12. exd4 b6 13. Nb5 Qb8 14. Ne5 Bb7 15.
f4 Rd8 16. Rad1 a6 17. Nc3 Qc7 18. Kh1 Rac8 19. Qd3 Nb8 20. Qg3 Bf8 21. f5 exf5
22. Rxf5 Qe7 23. Rdf1 Kh8 24. Bh5 Nxh5 25. Rxh5 Rxd4 26. Nd5 Rxd5 27. cxd5 Bxd5
28. Qh3 1-0

[Event "34 Open Vila de Sitges 2008"]
[Site "Sitges ESP"]
[Date "2008.07.23"]
[Round "2.1"]
[White "Erdos, Viktor"]
[Black "Dominguez Rueda, Juan"]
[Result "1-0"]
[WhiteElo "2576"]
[BlackElo "2223"]
[PlyCount "56"]
[EventDate "2008.07.22"]
[EventType "swiss"]
[EventRounds "9"]
[EventCountry "ESP"]
[SourceTitle "Ajedrez en Madrid"]
[Source "lmi"]
[SourceDate "2008.07.23"]

1. d4 Nf6 2. c4 e6 3. Nf3 Bb4+ 4. Nbd2 d5 5. Qa4+ Nc6 6. a3 Bxd2+ 7. Bxd2 h6 8.
g3 O-O 9. Bg2 Ne4 10. Rd1 Nxd2 11. Rxd2 a6 12. O-O Rb8 13. Rc1 Bd7 14. Qc2 Qf6
15. b4 Rfd8 16. Qb2 Be8 17. Rdc2 Rbc8 18. e3 Qe7 19. cxd5 exd5 20. Rc5 f6 21.
Ne1 Qf7 22. Qb3 Ne7 23. Rxc7 Rxc7 24. Rxc7 Bc6 25. Nd3 Qe6 26. Nc5 Qd6 27. Rxb7
Kh8 28. Rb6 Ng8 1-0

[Event "34 Open Vila de Sitges 2008"]
[Site "Sitges ESP"]
[Date "2008.07.23"]
[Round "2.2"]
[White "Buxade Roca, Guillermo"]
[Black "Moskalenko, Viktor"]
[Result "0-1"]
[WhiteElo "2206"]
[BlackElo "2569"]
[PlyCount "64"]
[EventDate "2008.07.22"]
[EventType "swiss"]
[EventRounds "9"]
[EventCountry "ESP"]
[SourceTitle "Ajedrez en Madrid"]
[Source "lmi"]
[SourceDate "2008.07.23"]

1. d4 Nf6 2. c4 e5 3. dxe5 Ng4 4. Bf4 g5 5. Bg3 Bg7 6. Nf3 Nc6 7. Nc3 Ngxe5 8.
Nxe5 Nxe5 9. e3 d6 10. Be2 Be6 11. f4 gxf4 12. exf4 Nxc4 13. Qa4+ Qd7 14. Qxd7+
Kxd7 15. f5 Bxc3+ 16. bxc3 Bd5 17. O-O Rae8 18. Bh5 Ne3 19. Rf2 Rhg8 20. Re1
Rg5 21. Bd1 Nxd1 22. Rxd1 Bc6 23. c4 b6 24. f6 Re4 25. Rc1 h5 26. Rd2 Reg4 27.
Rcc2 Rf5 28. Rf2 Rxf2 29. Rxf2 Rxc4 30. Re2 Be4 31. h3 Ke6 32. Bh4 d5 0-1

[Event "34 Open Vila de Sitges 2008"]
[Site "Sitges ESP"]
[Date "2008.07.23"]
[Round "2.3"]
[White "Movsziszian, Karen"]
[Black "Sanchez Ibern, Marc"]
[Result "1-0"]
[WhiteElo "2560"]
[BlackElo "2161"]
[PlyCount "124"]
[EventDate "2008.07.22"]
[EventType "swiss"]
[EventRounds "9"]
[EventCountry "ESP"]
[SourceTitle "Ajedrez en Madrid"]
[Source "lmi"]
[SourceDate "2008.07.23"]

1. Nf3 Nf6 2. g3 d5 3. Bg2 c6 4. O-O h6 5. d3 Bf5 6. Nbd2 e6 7. Qe1 Bh7 8. e4
Be7 9. Ne5 dxe4 10. dxe4 Nbd7 11. Nxd7 Nxd7 12. f4 O-O 13. Kh1 Qc7 14. a4 Rad8
15. Qe2 Rfe8 16. h3 Bf8 17. b3 f5 18. e5 Nb6 19. Bb2 a5 20. Nf3 Rd7 21. Nd4 Bc5
22. Rad1 Qd8 23. Qf2 Qe7 24. Rd2 Red8 25. Rfd1 Nd5 26. Qf3 Qf7 27. c3 Nc7 28.
Qe2 Bg6 29. Bf3 Bxd4 30. Rxd4 Rxd4 31. cxd4 Nd5 32. Rc1 Qc7 33. Rc5 Qb6 34. Qc4
Bf7 35. Bc3 Ra8 36. Bd2 h5 37. Kg2 g6 38. Kf2 Be8 39. Qd3 Bd7 40. Bd1 Qd8 41.
Qe2 b6 42. Rc1 Qe7 43. Qd3 Qe8 44. Bf3 Bc8 45. Qc2 Bb7 46. g4 hxg4 47. hxg4 Qe7
48. Rh1 Kg7 49. gxf5 exf5 50. Qc1 Rh8 51. Kg3 Rxh1 52. Qxh1 Nb4 53. Bxb4 Qxb4
54. Qh4 Ba6 55. Qf6+ Kh7 56. Bg2 Qxd4 57. Qe7+ Kh6 58. Qf8+ Kh7 59. Bf3 Qg1+
60. Kh4 Qf2+ 61. Kg5 Qxf3 62. Kf6 g5 1-0

[Event "34 Open Vila de Sitges 2008"]
[Site "Sitges ESP"]
[Date "2008.07.23"]
[Round "2.4"]
[White "Dekker, Bart"]
[Black "Jankovic, Alojzije"]
[Result "0-1"]
[WhiteElo "2191"]
[BlackElo "2532"]
[PlyCount "102"]
[EventDate "2008.07.22"]
[EventType "swiss"]
[EventRounds "9"]
[EventCountry "ESP"]
[SourceTitle "Ajedrez en Madrid"]
[Source "lmi"]
[SourceDate "2008.07.23"]

1. d4 Nf6 2. c4 e6 3. Nc3 c5 4. d5 exd5 5. cxd5 d6 6. e4 g6 7. h3 Bg7 8. Nf3
O-O 9. Bd3 a6 10. a4 Re8 11. O-O Nbd7 12. Bf4 Qe7 13. Re1 Nh5 14. Bh2 Qf8 15.
Ra3 Bh6 16. Bf1 f6 17. a5 Ne5 18. Na4 Bd7 19. Nb6 Rad8 20. Rb3 Nf4 21. Nd2 Qe7
22. Qc2 Kh8 23. Qc3 Qg7 24. Nb1 f5 25. g3 fxe4 26. Rxe4 Nxh3+ 27. Bxh3 Bxh3 28.
g4 Nf7 29. Rxe8+ Rxe8 30. Qxh3 Re1+ 31. Kg2 Rxb1 32. Nc4 Qd4 33. Qc3 Kg8 34.
Qxd4 cxd4 35. Nxd6 Nxd6 36. Bxd6 Rd1 37. f4 d3 38. Be5 d2 39. Rd3 Re1 40. Rxd2
Rxe5 41. g5 Bxg5 42. fxg5 Rxg5+ 43. Kf3 Kf7 44. Rc2 Rxd5 45. Rc7+ Kg8 46. Rc8+
Kg7 47. Rc7+ Kh6 48. Rxb7 Rxa5 49. Re7 Rb5 50. Re2 Kg5 51. Rc2 h5 0-1

[Event "34 Open Vila de Sitges 2008"]
[Site "Sitges ESP"]
[Date "2008.07.23"]
[Round "2.5"]
[White "Grigore, George-gabriel"]
[Black "Ferreira, Henrique Camara"]
[Result "1-0"]
[WhiteElo "2517"]
[BlackElo "2151"]
[PlyCount "71"]
[EventDate "2008.07.22"]
[EventType "swiss"]
[EventRounds "9"]
[EventCountry "ESP"]
[SourceTitle "Ajedrez en Madrid"]
[Source "lmi"]
[SourceDate "2008.07.23"]

1. d4 Nf6 2. c4 g6 3. Nc3 Bg7 4. e4 O-O 5. Nf3 d6 6. Be2 e5 7. O-O Nc6 8. Be3
Ng4 9. Bg5 f6 10. Bc1 Nh6 11. h3 Nf7 12. d5 Ne7 13. Ne1 f5 14. Nd3 b6 15. Bd2
f4 16. b4 Kh8 17. c5 Ng8 18. Bg4 Nfh6 19. Bxc8 Rxc8 20. Rc1 g5 21. f3 Rf6 22.
cxd6 cxd6 23. Qa4 a5 24. bxa5 bxa5 25. Nf2 Nf7 26. Nb5 Rxc1 27. Rxc1 h5 28.
Qxa5 Qb8 29. Qa6 Ne7 30. Rc7 Qe8 31. Ra7 Kh7 32. Ra8 Qd7 33. a4 Nxd5 34. exd5
g4 35. hxg4 Rg6 36. Qa7 1-0

[Event "34 Open Vila de Sitges 2008"]
[Site "Sitges ESP"]
[Date "2008.07.23"]
[Round "2.6"]
[White "Losada Carrera, Francisco Javie"]
[Black "Czakon, Jakub"]
[Result "0-1"]
[WhiteElo "2165"]
[BlackElo "2510"]
[PlyCount "58"]
[EventDate "2008.07.22"]
[EventType "swiss"]
[EventRounds "9"]
[EventCountry "ESP"]
[SourceTitle "Ajedrez en Madrid"]
[Source "lmi"]
[SourceDate "2008.07.23"]

1. e4 c5 2. Nf3 d6 3. d4 cxd4 4. Nxd4 Nf6 5. Nc3 a6 6. Be3 e5 7. Nb3 Be7 8. Be2
Be6 9. O-O Nbd7 10. a4 Nb6 11. Qd2 Nc4 12. Bxc4 Bxc4 13. Rfd1 h6 14. f3 O-O 15.
Qf2 Rc8 16. Bb6 Qd7 17. Na5 Be6 18. Nd5 Nxd5 19. exd5 Bf5 20. c4 Bf6 21. b4 e4
22. Ra3 exf3 23. gxf3 Rfe8 24. c5 dxc5 25. bxc5 Re5 26. Qd2 Rce8 27. c6 bxc6
28. dxc6 Qxd2 29. Rxd2 Bh3 0-1

[Event "34 Open Vila de Sitges 2008"]
[Site "Sitges ESP"]
[Date "2008.07.23"]
[Round "2.7"]
[White "Vigo Allepuz, David"]
[Black "Papp, Gabor"]
[Result "1/2-1/2"]
[WhiteElo "2156"]
[BlackElo "2509"]
[PlyCount "103"]
[EventDate "2008.07.22"]
[EventType "swiss"]
[EventRounds "9"]
[EventCountry "ESP"]
[SourceTitle "Ajedrez en Madrid"]
[Source "lmi"]
[SourceDate "2008.07.23"]

1. d4 Nf6 2. c4 e6 3. Nf3 b6 4. g3 Ba6 5. b3 b5 6. Qc2 bxc4 7. bxc4 c5 8. Bg2
Bb7 9. O-O cxd4 10. Nxd4 Bxg2 11. Kxg2 Qb6 12. Nf3 Nc6 13. Nc3 Rc8 14. Be3 Qa6
15. Ne4 Nxe4 16. Qxe4 Na5 17. Nd2 Nxc4 18. Nxc4 d5 19. Qd4 Rxc4 20. Qxa7 Qxa7
21. Bxa7 Ra4 22. Be3 Bd6 23. Rac1 O-O 24. Bc5 Bxc5 25. Rxc5 Rxa2 26. e3 g6 27.
Rfc1 Kg7 28. R1c2 Rfa8 29. Rc7 Kf6 30. h4 h6 31. Kf3 R8a3 32. Kg2 g5 33. hxg5+
hxg5 34. g4 Rxc2 35. Rxc2 Ke5 36. Rc7 Kf6 37. Rd7 Rb3 38. Rd8 Ke7 39. Rg8 Kf6
40. Rd8 Ke5 41. Rg8 f6 42. Rf8 Rb7 43. Kg3 Rb3 44. Kg2 Rb6 45. Kg3 Rd6 46. f4+
gxf4+ 47. exf4+ Ke4 48. Rxf6 d4 49. f5 Ke5 50. Rxe6+ Rxe6 51. fxe6 Kxe6 52. Kf3
1/2-1/2

[Event "34 Open Vila de Sitges 2008"]
[Site "Sitges ESP"]
[Date "2008.07.23"]
[Round "2.8"]
[White "Coll Enriquez, Lluis"]
[Black "Cruz, Cristhian"]
[Result "0-1"]
[WhiteElo "2148"]
[BlackElo "2508"]
[PlyCount "86"]
[EventDate "2008.07.22"]
[EventType "swiss"]
[EventRounds "9"]
[EventCountry "ESP"]
[SourceTitle "Ajedrez en Madrid"]
[Source "lmi"]
[SourceDate "2008.07.23"]

1. e4 c5 2. Nc3 Nc6 3. g3 g6 4. Bg2 Bg7 5. d3 d6 6. Be3 Nd4 7. Qd2 Qa5 8. h3 e6
9. f4 Ne7 10. Nf3 Nec6 11. O-O O-O 12. Kh1 Bd7 13. Rf2 Rae8 14. g4 f5 15. a3
Qd8 16. Raf1 Nxf3 17. Bxf3 Nd4 18. Bxd4 Bxd4 19. Rh2 fxe4 20. Nxe4 d5 21. Ng3
Bc6 22. c3 Bg7 23. Ne2 e5 24. fxe5 Bxe5 25. Rhf2 Qh4 26. Ng1 Bf4 27. Qd1 Be3
28. Rg2 Bxg1 29. Kxg1 Qxh3 30. d4 cxd4 31. cxd4 Kg7 32. Qd3 Qh4 33. g5 Rf4 34.
Be2 Ree4 35. Rxf4 Rxf4 36. Bf1 Rxd4 37. Qc3 Kg8 38. Qa5 Qf4 39. Qd8+ Qf8 40.
Qc7 Rf4 41. Bd3 Qc5+ 42. Kh2 Qe3 43. Rg3 Rh4+ 0-1

[Event "34 Open Vila de Sitges 2008"]
[Site "Sitges ESP"]
[Date "2008.07.23"]
[Round "2.9"]
[White "Cuartas, Jaime Alexander"]
[Black "Kiss, Emese"]
[Result "1-0"]
[WhiteElo "2495"]
[BlackElo "2145"]
[PlyCount "69"]
[EventDate "2008.07.22"]
[EventType "swiss"]
[EventRounds "9"]
[EventCountry "ESP"]
[SourceTitle "Ajedrez en Madrid"]
[Source "lmi"]
[SourceDate "2008.07.23"]

1. e4 c5 2. c3 Nc6 3. d4 d6 4. Nf3 Nf6 5. d5 Nb8 6. Be2 g6 7. O-O Bg7 8. Nbd2
O-O 9. a4 a5 10. Re1 Na6 11. Bf1 Nc7 12. Nc4 Bg4 13. h3 Bxf3 14. Qxf3 Nd7 15.
Qd1 Ne5 16. Nb6 Rb8 17. f4 Na6 18. Qb3 Nd7 19. Nc4 Qc7 20. Qb5 Rfe8 21. Qxa5
Qxa5 22. Nxa5 Nb6 23. Nxb7 Rxb7 24. Bxa6 Ra7 25. Bb5 Rea8 26. Bd2 Ra5 27. Bc6
Rb8 28. b3 Nc8 29. Bb5 Na7 30. Bc4 Nc8 31. Kf1 Nb6 32. Bb5 Rc8 33. Ra2 Ra7 34.
a5 Nd7 35. b4 1-0

[Event "34 Open Vila de Sitges 2008"]
[Site "Sitges ESP"]
[Date "2008.07.24"]
[Round "3.1"]
[White "Granados Gomez, Manuel"]
[Black "Erdos, Viktor"]
[Result "1/2-1/2"]
[WhiteElo "2407"]
[BlackElo "2576"]
[PlyCount "60"]
[EventDate "2008.07.22"]
[EventType "swiss"]
[EventRounds "9"]
[EventCountry "ESP"]
[SourceTitle "Ajedrez en Madrid"]
[Source "lmi"]
[SourceDate "2008.07.23"]

1. e4 c6 2. d4 d5 3. Nc3 dxe4 4. Nxe4 Nd7 5. Nf3 Ngf6 6. Nxf6+ Nxf6 7. c3 Bg4
8. h3 Bxf3 9. Qxf3 e6 10. Bd3 Qd5 11. Qxd5 cxd5 12. Bf4 a6 13. a4 Kd7 14. a5
Ne8 15. Bc2 Bd6 16. Ba4+ Ke7 17. Bxe8 Bxf4 18. Ba4 Bd6 19. Kd2 g5 20. Kd3 h5
21. Bd1 f5 22. f3 Kf6 23. Ba4 Rh7 24. Rhe1 Rg8 25. Bd1 Rd8 26. Kc2 Bg3 27. Rf1
Bd6 28. Be2 Rc7 29. Rfd1 Rdc8 30. Rd3 Rc6 1/2-1/2

[Event "34 Open Vila de Sitges 2008"]
[Site "Sitges ESP"]
[Date "2008.07.24"]
[Round "3.2"]
[White "Moskalenko, Viktor"]
[Black "Jerez Perez, Alfonso"]
[Result "1/2-1/2"]
[WhiteElo "2569"]
[BlackElo "2410"]
[PlyCount "55"]
[EventDate "2008.07.22"]
[EventType "swiss"]
[EventRounds "9"]
[EventCountry "ESP"]
[SourceTitle "Ajedrez en Madrid"]
[Source "lmi"]
[SourceDate "2008.07.23"]

1. d4 Nf6 2. c4 g6 3. Nc3 d5 4. Bg5 Ne4 5. Bh4 Nxc3 6. bxc3 Bg7 7. Nf3 c5 8. e3
Nc6 9. Rc1 cxd4 10. cxd4 O-O 11. cxd5 Qxd5 12. Bc4 Qa5+ 13. Qd2 Qxd2+ 14. Nxd2
e5 15. d5 Na5 16. Be2 Bf5 17. e4 Rfc8 18. Rxc8+ Bxc8 19. Be7 Bf8 20. Bxf8 Kxf8
21. Nb3 Nxb3 22. axb3 Bd7 23. Kd2 Ke7 24. Ra1 a5 25. b4 b6 26. f3 f5 27. Bd3
Kd6 28. g3 1/2-1/2

[Event "34 Open Vila de Sitges 2008"]
[Site "Sitges ESP"]
[Date "2008.07.24"]
[Round "3.3"]
[White "Schneider, Stefan"]
[Black "Movsziszian, Karen"]
[Result "1/2-1/2"]
[WhiteElo "2371"]
[BlackElo "2560"]
[PlyCount "122"]
[EventDate "2008.07.22"]
[EventType "swiss"]
[EventRounds "9"]
[EventCountry "ESP"]
[SourceTitle "Ajedrez en Madrid"]
[Source "lmi"]
[SourceDate "2008.07.23"]

1. d4 Nf6 2. c4 g6 3. Nc3 d6 4. e4 Nbd7 5. Nf3 Bg7 6. Be2 O-O 7. O-O e5 8. Re1
h6 9. Rb1 Nh7 10. dxe5 dxe5 11. b4 Re8 12. c5 Nhf8 13. Bc4 Ne6 14. Qb3 c6 15.
Rd1 Qf6 16. Be3 Ndf8 17. Rd6 Qe7 18. Rbd1 Nf4 19. b5 Bg4 20. Bxf4 exf4 21. bxc6
bxc6 22. Rxc6 Rab8 23. Qc2 Bxc3 24. Qxc3 Qxe4 25. Bxf7+ Kxf7 26. Rc7+ Nd7 27.
h3 Rb1 28. Rxb1 Qxb1+ 29. Kh2 Qb8 30. Ne5+ Kg8 31. Nxd7 Qxc7 32. Nf6+ Kf7 33.
Nxe8 Kxe8 34. hxg4 Kf7 35. Qc4+ Kf6 36. Qd5 Ke7 37. Kh3 g5 38. Qf5 Kd8 39. Qf8+
Kd7 40. Qg7+ Kc8 41. Qd4 Kb7 42. Qd5+ Qc6 43. Qc4 Qe8 44. Kh2 Qc6 45. Kg1 Qf6
46. a4 Qe5 47. Qb5+ Kc7 48. Qa5+ Kc6 49. Qb5+ Kc7 50. Qa5+ Kc6 51. Qa6+ Kxc5
52. Qxa7+ Kb4 53. Qb6+ Kxa4 54. Qxh6 Qe1+ 55. Kh2 Qxf2 56. Qa6+ Kb4 57. Qb7+
Kc3 58. Qc6+ Kd3 59. Qd5+ Ke2 60. Qa2+ Kf1 61. Qb1+ Ke2 1/2-1/2

[Event "34 Open Vila de Sitges 2008"]
[Site "Sitges ESP"]
[Date "2008.07.24"]
[Round "3.4"]
[White "Jankovic, Alojzije"]
[Black "Gallego Alcaraz, Andres Felipe"]
[Result "1-0"]
[WhiteElo "2532"]
[BlackElo "2400"]
[PlyCount "46"]
[EventDate "2008.07.22"]
[EventType "swiss"]
[EventRounds "9"]
[EventCountry "ESP"]
[SourceTitle "Ajedrez en Madrid"]
[Source "lmi"]
[SourceDate "2008.07.23"]

1. Nf3 c5 2. c4 Nf6 3. d4 cxd4 4. Nxd4 e5 5. Nb5 d5 6. cxd5 Bc5 7. g3 O-O 8.
Bg2 e4 9. N5c3 Bf5 10. O-O Qe7 11. Na3 Rd8 12. Qb3 Na6 13. Bg5 Nb4 14. Rad1
Rac8 15. Nc4 e3 16. Nxe3 Bxe3 17. Bxe3 Bc2 18. d6 Bxb3 19. dxe7 Rxd1 20. Nxd1
Nxa2 21. Nc3 Nxc3 22. bxc3 b6 23. Ra1 Rc7 1-0